Focus : Simone Veil (QCM) - Statistiques

Statistiques générales
  • Ce quiz a été pris 18 fois
  • Le résultat moyen est 7 sur 12
Statistiques - réponses
Question Réponse % Correct
Où repose-t-elle aujourd'hui ? Au Panthéon
88%
Dans quel camp de concentration a-t-elle été déportée ? Auschwitz-Birkenau
88%
Quelle œuvre autobiographique a-t-elle publiée en 2007 ? Une vie
81%
Qui était le président de la République lorsqu'elle était ministre de la santé pour la première fois ? Valéry Giscard d’Estaing
75%
En quelle année la loi sur l’IVG est-elle adoptée ? 1975
69%
Quel métier fait-elle après la guerre ? Magistrate
63%
En quelle année a-t-elle été libérée des camps de concentration ? 1945
56%
Dans quel collège est-elle entrée en 2010 ? Conseil constitutionnel
56%
Quel grand projet sur la santé publique a-t-elle soutenu ? La lutte contre le tabagisme
56%
Quel rôle européen a-t-elle occupé en 1979 ? Présidente du Parlement européen
50%
Lequel de ces premiers ministres ne l'a pas nommée dans son gouvernement ? Laurent Fabius
38%
Quel prix prestigieux a-t-elle reçu en 1981 ? Prix Charlemagne
25%
Aucun quiz correspondant
Distribution des résultats
% des personnes avec chaque résultat
Percentile par nombre de réponses
Votre historique - résultats
Vous n’avez pas pris ce quiz